CAF Champions League Winners Country Match Quiz Stats

 Plays Quiz not verified by Sporcle

Challenge
Share
Tweet
Embed
Score 0/26 Timer 07:00
0 Plays Today
% Correct
Morocco
87.5%
Morocco
85.9%
Egypt
84.7%
Morocco
83.4%
South Africa
79.8%
South Africa
76.9%
Egypt
75.7%
Tunisia
72.8%
Cameroon
68.4%
Côte d'Ivoire
67.3%
Cameroon
67%
Cameroon
61.9%
Tunisia
58.9%
% Correct
Algeria
57.3%
Algeria
56.1%
Algeria
55.9%
Republic of the Congo
55%
Egypt
53.6%
Democratic Republic of the Congo
49.1%
Ghana
49%
Ghana
42%
Côte d'Ivoire
41.1%
Democratic Republic of the Congo
39.7%
Tunisia
39.7%
Nigeria
39.3%
Guinea
22.6%

You're not logged in!

Compare scores with friends on all Sporcle quizzes.
Join for Free
OR
Log In

You Might Also Like...

Show Comments

Extras

Top Quizzes Today


Score Distribution

Your Account Isn't Verified!

In order to create a playlist on Sporcle, you need to verify the email address you used during registration. Go to your Sporcle Settings to finish the process.

Report this User

Report this user for behavior that violates our Community Guidelines.

Details: